Situační a výhledová zpráva. Ovce, kozy

Korporativní autor: Česko. Ministerstvo zemědělství
Další autoři: Agrospoj (nakladatelství), Výzkumný ústav zemědělské ekonomiky
Jazyk: Čeština
Vydáno: [Praha] : Ministerstvo zemědělství ČR v Agrospoji, [1993]-
[Praha] : Ministerstvo zemědělství České republiky
Témata:
Externí odkaz: Archiv zpráv online
Fyzický popis: ^^^svazků : ilustrace (převážně barevné) ; 30 cm
Odebírané svazky: 1993-1994, 2001-2006, 2012-2014, 2018-2022/listopad, 2025/červen-
Noviny a časopisy
Uloženo v:
LEADER 06869nas a2201249 i 4500
001 nkc20051036026
003 CZ PrNK
005 20260313084411.0
007 ta
008 011228c19939999xr gr ss 0 b0cze
015 |a cnb001036026 
022 |a 1211-7692 
040 |a ABA001  |b cze  |d OLA001  |d BOA001  |e rda 
043 |a e-xr--- 
045 |a x9y3 
072 7 |a 636  |x Chov zvířat. Živočišná výroba  |2 Konspekt  |9 24 
080 |a 636.32/.38  |2 MRF 
080 |a 636.39  |2 MRF 
080 |a 636.08  |2 MRF 
080 |a 637.03  |2 MRF 
080 |a 339.5  |2 MRF 
080 |a (437.3)  |2 MRF 
080 |a (047)  |2 MRF 
080 |a (083.41)  |2 MRF 
210 1 |a Situač. výhled. zpr. (Minist. zeměd.) 
222 0 |a Situační a výhledová zpráva (Ministerstvo zemědělství) 
245 0 0 |a Situační a výhledová zpráva.  |p Ovce, kozy 
246 3 |a Situační a výhledová zpráva - ovce a kozy 
246 3 |a Ovce a kozy 
246 3 |a Kozy 
246 3 0 |a Ovce, kozy 
264 1 |a [Praha] :  |b Ministerstvo zemědělství ČR v Agrospoji,  |c [1993]- 
264 3 1 |3 [2001]-  |a [Praha] :  |b Ministerstvo zemědělství České republiky 
300 |a ^^^svazků :  |b ilustrace (převážně barevné) ;  |c 30 cm 
310 |a 1x za 2 roky,  |b 2018- 
321 |a 1x ročně,  |b 1993-2014 
336 |a text  |b txt  |2 rdacontent 
337 |a bez média  |b n  |2 rdamedia 
338 |a svazek  |b nc  |2 rdacarrier 
362 0 |a Prosinec 1993- 
500 |a V některých ročnících název z obálky 
500 |a Název části se nevýznamně mění 
500 |a Nad názvem některých ročníků: Ministerstvo zemědělství České republiky, Výzkumný ústav zemědělské ekonomiky 
500 |a Svazek prosinec 2011 vydán ve dvouletém odstupu, svazek květen 2018 ve čtyřletém, svazek červenec 2025 vydán v tříletém odstupu 
500 |a Jednotlivé svazky mají ISBN, ISSN přiděleno pouze v rámci hlavního názvu 
541 |c pv-r 
648 7 |a 1991-2030  |7 ch1160850  |2 czenas 
648 7 |a 20.-21. století  |7 ch462155  |2 czenas 
650 0 7 |a ovce  |7 ph115627  |2 czenas 
650 0 7 |a kozy  |7 ph114997  |2 czenas 
650 0 7 |a chov hospodářských zvířat  |7 ph119201  |z Česko  |y 20.-21. století  |2 czenas 
650 0 7 |a zpracování živočišných produktů  |7 ph210240  |z Česko  |y 20.-21. století  |2 czenas 
650 0 7 |a zahraniční obchod  |7 ph116729  |z Česko  |y 20.-21. století  |2 czenas 
650 0 9 |a sheep  |2 eczenas 
650 0 9 |a goats  |2 eczenas 
650 0 9 |a livestock keeping  |z Czechia  |y 20th-21st centuries  |2 eczenas 
650 0 9 |a animal products processing  |z Czechia  |y 20th-21st centuries  |2 eczenas 
650 0 9 |a foreign trade  |z Czechia  |y 20th-21st centuries  |2 eczenas 
655 7 |a zprávy  |7 fd133875  |2 czenas 
655 7 |a statistiky  |7 fd133589  |2 czenas 
655 9 |a reports  |2 eczenas 
655 9 |a statistics  |2 eczenas 
710 1 |a Česko.  |b Ministerstvo zemědělství  |7 kn20010725025  |4 pbl 
710 2 |a Agrospoj (nakladatelství)  |7 ko20261290129  |4 pbl 
710 2 |a Výzkumný ústav zemědělské ekonomiky  |7 kn20030407001  |4 isb 
856 4 1 |u https://eagri.cz/public/portal/mze/publikace/situacni-vyhledove-zpravy/zivocisne-komodity-hospodarska-zvirata/ovce-kozy  |y Archiv zpráv online  |4 N 
902 |a 80-7084-075-7  |q (Ministerstvo zemědělství ČR ;  |q prosinec 1993 ;  |q brožováno) 
902 |a 80-7084-197-4  |q (září 2001 ;  |q brožováno) 
902 |a 80-7084-207-5  |q (červenec 2002 ;  |q brožováno) 
902 |a 80-7084-263-6  |q (září 2003 ;  |q brožováno) 
902 |a 80-7084-327-6  |q (červenec 2004 ;  |q brožováno) 
902 |a 80-7084-430-2  |q (srpen 2005 ;  |q brožováno) 
902 |a 80-7084-517-1  |q (červenec 2006 ;  |q brožováno) 
902 |a 978-80-7084-595-0  |q (září 2007 ;  |q brožováno) 
902 |a 978-80-7084-698-8  |q (červenec 2008 ;  |q brožováno) 
902 |a 978-80-7084-815-9  |q (srpen 2009 ;  |q brožováno) 
902 |a 978-80-7084-903-3  |q (červenec 2010 ;  |q brožováno) 
902 |a 978-80-7084-976-7  |q (prosinec 2011 ;  |q brožováno) 
902 |a 978-80-7434-041-3  |q (prosinec 2012 ;  |q brožováno) 
902 |a 978-80-7434-126-7  |q (prosinec 2013 ;  |q brožováno) 
902 |a 978-80-7434-172-4  |q (prosinec 2014 ;  |q brožováno) 
902 |a 978-80-7434-424-4  |q (květen 2018 ;  |q brožováno) 
902 |a 978-80-7434-579-1  |q (prosinec 2020 ;  |q brožováno) 
902 |a 978-80-7434-680-4  |q (listopad 2022 ;  |q brožováno) 
902 |a 978-80-7434-807-5  |q (červen 2025 ;  |q brožováno) 
910 2 |a BOA001  |b X2-0998.361  |s 1993-1994, 2001-2006, 2012-2014, 2018-2022/listopad, 2025/červen- 
920 |a 000008187 
928 9 |a Agrospoj 
990 |a SE 
995 |a 01 
991 |b 202403 
996 6 |b 2610004768  |c X2-0998.361  |d 1993  |y 1993  |l MZK  |r Sklad / do 24 hodin  |n 0  |p p.v.  |w 000008187  |u 000010  |a 1  |e BOA001  |j MZK50  |s P 
996 6 |b 2610016957  |c X2-0998.361  |d 1994  |y 1994  |l MZK  |r Sklad / do 24 hodin  |n 0  |w 000008187  |u 000020  |a 1  |e BOA001  |j MZK50  |s P 
996 6 |b 2610143735  |c X2-0998.361  |d 2001  |v 2001  |y 2001  |l MZK  |r Sklad / do 24 hodin  |n 0  |p p.v.  |w 000008187  |u 000030  |a 1  |e BOA001  |j MZK50  |s P 
996 6 |b 2610168116  |c X2-0998.361  |d 2002 červenec  |v 2002  |y 2002  |l MZK  |r Sklad / do 24 hodin  |n 1  |p p.v.  |w 000008187  |u 000040  |a 1  |e BOA001  |j MZK50  |s P 
996 6 |b 2610198514  |c X2-0998.361  |d 2003  |v 2003  |y 2003  |l MZK  |r Sklad / do 24 hodin  |n 0  |p p.v.  |w 000008187  |u 000050  |a 1  |e BOA001  |j MZK50  |s P 
996 6 |b 2610227273  |c X2-0998.361  |d 2004  |v 2004  |y 2004  |l MZK  |r Sklad / do 24 hodin  |n 0  |p p.v.  |w 000008187  |u 000060  |a 1  |e BOA001  |j MZK50  |s P 
996 6 |b 2610257292  |c X2-0998.361  |d 2005  |v 2005  |y 2005  |l MZK  |r Sklad / do 24 hodin  |n 0  |p p.v.  |w 000008187  |u 000070  |a 1  |e BOA001  |j MZK50  |s P 
996 6 |b 2610288104  |c X2-0998.361  |d 2006  |v 2006  |y 2006  |l MZK  |r Sklad / do 24 hodin  |n 2  |p p.v.  |w 000008187  |u 000080  |a 1  |e BOA001  |j MZK50  |s P 
996 6 |b 2610539073  |c X2-0998.361  |d 2012  |v 2012  |i prosinec  |y 2012  |l MZK  |r Sklad / do 24 hodin  |n 0  |p p.v.  |w 000008187  |u 000090  |a 1  |e BOA001  |j MZK50  |s P 
996 6 |b 2610583838  |c X2-0998.361  |d 2013  |v 2013  |i prosinec  |y 2013  |l MZK  |r Sklad / do 24 hodin  |n 0  |p p.v.  |w 000008187  |u 000100  |a 1  |e BOA001  |j MZK50  |s P 
996 6 |b 2610640040  |c X2-0998.361  |d 2014 prosinec  |v 2014  |i prosinec  |y 2014  |l MZK  |r Sklad / do 24 hodin  |n 0  |p p.v.  |w 000008187  |u 000110  |a 1  |e BOA001  |j MZK50  |s P 
996 6 |b 2610757936  |c X2-0998.361  |d 2018  |v 2018  |y 2018  |l MZK  |r Sklad / do 24 hodin  |n 1  |p p.v.  |w 000008187  |u 000120  |a 1  |e BOA001  |j MZK50  |s P 
996 6 |b 2610880027  |c X2-0998.361  |d 2020  |v 2020  |i prosinec  |y 2020  |l MZK  |r Sklad / do 24 hodin  |n 0  |p p.v.  |w 000008187  |u 000130  |a 1  |e BOA001  |j MZK50  |s P 
996 6 |b 2610963516  |c X2-0998.361  |d 2022  |v listopad  |y 2022  |l MZK  |r Sklad / do 24 hodin  |n 0  |p p.v.  |w 000008187  |u 000140  |a 1  |e BOA001  |j MZK50  |s P 
996 6 |b 2610996876  |c X2-0998.361  |d 2011  |v 2011  |i prosinec  |y 2011  |l MZK  |r Sklad / do 24 hodin  |n 0  |p dar  |w 000008187  |u 000150  |a 1  |e BOA001  |j MZK50  |s P 
996 6 |b 2611021665  |c X2-0998.361  |d 2025 červen  |v červen  |y 2025  |l MZK  |r Sklad / do 24 hodin  |n 0  |p p.v.  |w 000008187  |u 000160  |a 1  |e BOA001  |j MZK50  |s P